Quiz z geografii ogólnej - Statystyki

Ogólne statystyki
  • Ten quiz został rozwiązany 46 razy
  • Średni wynik to 13 z 15
Statystyki odpowiedzi
Hint Odpowiedź % Poprawnych
Skrót tego regionu w Brazylii to RJ Rio De Janeiro
100%
Stolica Australii Canberra
97%
To najbardziej turystyczne miasto w Polsce Kraków
97%
Kolory znajdujące się na fladze Jamajki żółty, czarny, zielony
97%
Najdłuższa rzeka w Indiach Ganges
94%
Największym jeziorem na świecie jest jezioro............. Kaspijskie
94%
Stolica Panamy Panama
91%
Duńska wyspa położona na O. Atlantyckim i O. Arktycznym Grenlandia
88%
Kraj z największą liczbą jezior Kanada
88%
Stan USA położony najbliżej Rosji Alaska
84%
Jak inaczej zwany jest azjatycki kraj "Mjanma" Birma
84%
Waluta w Nepalu Rupia Nepalska
84%
W języku łacińskim to państwo to Scocie Szkocja
81%
W tym stanie ameryki znajduję się miasto Salt Lake City Utah
78%
Ta góra jest najwyższym szczytem Finlandii [1324 m n.p.m] Halti
63%
Nie znaleziono quizów pasujących do podanych kryteriów
Rozkład punktacji
Procent ludzi z każdym wynikiem
Percentyl według liczby udzielonych odpowiedzi
Twoja historia wyników
Nie rozwiązałeś tego quizu